Fundamentos de metodología de la investigación (Registro nro. 1517)

Detalles MARC
000 -Cabecera
Campo de control de longitud fija 01040aam a2200373 4500
005 - Fecha y hora de la última transacción
Campo de control 20260313164329.0
008 - Elementos de longitud fija--Información general
Campo de control de longitud fija 150630b2005 xxu||||| |||| 00| 0 spa d
041 ## - Idioma
Código de idioma Español
082 ## - Clasificación Decimal Dewey
Número de clasificación 001.42 H557f
100 ## - Entrada principal--Autor personal
Nombre personal Hernández Sampieri, Roberto
100 ## - Entrada principal--Autor personal
Nombre personal Fernández Collado, Carlos
100 ## - Entrada principal--Autor personal
Nombre personal Baptista Lucio, Pilar
245 ## - Título propiamente dicho
Título Fundamentos de metodología de la investigación
260 ## - Pie de imprenta
Lugar de publicación, distribución, etc. México
260 ## - Pie de imprenta
Nombre del editor, distribuidor, etc. McGraw-Hill
260 ## - Pie de imprenta
Fecha de publicación, distribución, etc. 2005
300 ## - Descripción física
Extensión 366 páginas
Otras características físicas Fotografías a blanco y negro
490 ## - Serie
Título de la Serie Temática General
650 ## - Materia general
Temática (materia general) MÉTODOS DE INVESTIGACIÓN
650 ## - Materia general
Temática (materia general) INVESTIGACIÓN
650 ## - Materia general
Temática (materia general) METODOLOGÍA
650 ## - Materia general
Temática (materia general) CIENCIAS SOCIALES
650 ## - Materia general
Temática (materia general) PROBLEMA DE INVESTIGACIÓN
650 ## - Materia general
Temática (materia general) MARCO TEÓRICO
650 ## - Materia general
Temática (materia general) HIPÓTESIS
650 ## - Materia general
Temática (materia general) DISEÑOS DE INVESTIGACIÓN
650 ## - Materia general
Temática (materia general) MUESTRA
650 ## - Materia general
Temática (materia general) RECOLECCIÓN DE DATOS
650 ## - Materia general
Temática (materia general) CUESTIONARIO
650 ## - Materia general
Temática (materia general) ANÁLISIS DE DATOS
650 ## - Materia general
Temática (materia general) ESTADÍSTICAS
650 ## - Materia general
Temática (materia general) ANÁLISIS DE DATOS
942 ## - Punto de acceso adicional KOHA
Tipo de ítem KOHA Libro
Fuente del sistema de clasificación o colocación Dewey Decimal Classification
Existencias
Signatura completa Código de barras Programa Académico Tipo de ítem
001.42 H557f 2560 Temática General Libro
001.42 H557f 2565 Temática General Libro
001.42 H557f 2566 Temática General Libro